50 Largest Cities in Arizona - Statistics

General Stats
  • This quiz has been taken 248 times
    154 since last reset
  • The average score is 23 of 50
Answer Stats
Population city % Correct
1,608,140 Phoenix
100%
504,260 Mesa
95%
542,630 Tucson
94%
275,990 Chandler
92%
76,835 Flagstaff
92%
241,365 Scottsdale
92%
267,920 Gilbert
87%
248,330 Glendale
87%
180,590 Tempe
83%
95,550 Yuma
83%
190,990 Peoria
75%
45,830 Prescott
75%
143,150 Surprise
74%
57,150 Lake Havasu City
72%
91,505 Buckeye
65%
95,295 Goodyear
64%
89,335 Avondale
60%
53,660 Casa Grande
60%
58,130 Maricopa
56%
46,790 Prescott Valley
55%
32,690 Kingman
54%
51,910 Marana
53%
19,775 Nogales
45%
59,520 Queen Creek
44%
38,450 Apache Junction
43%
45,310 Sierra Vista
42%
39,935* Sun City
40%
41,350 Bullhead City
38%
16,355 Payson
38%
47,075 Oro Valley
36%
26,790 Florence
31%
99,895* San Tan Valley
29%
25,810* Sun City West
27%
23,825 Fountain HIlls
25%
23,195* Anthem
22%
16,535 Douglas
22%
15,640 Eloy
22%
52,405* Catalina Foothills
21%
22,620* Green Valley
21%
35,260 San Luis
21%
70,975* Casas Adobes
13%
35,810 El Mirage
12%
17,295* New River
8%
34,135 Sahuarita
8%
14,870* Sun Lakes
6%
27,780* Fortuna Foothills
3%
20,550* Rio Rico
3%
16,655* Tanque Verde
3%
15,660* Flowing Wells
2%
27,525* Drexel Heights
1%
No matching quizzes found
Score Distribution
Percent of People with Each Score
Percentile by Number Answered
Your Score History
You have not taken this quiz since the last reset